[Event "Bay Area op"]
[Site "Burlingame"]
[Date "2019.01.05"]
[Round "6"]
[White "Nagarajan, Pranav"]
[Black "Anderson, Michael Gene"]
[Result "1-0"]
[WhiteElo "2206"]
[BlackElo "1751"]
[PlyCount "61"]
[EventDate "2019.01.01"]
[EventType "swiss"]
[EventRounds "9"]
[EventCountry "USA"]
[SourceTitle "CBM 188 Extra"]
[Source "ChessBase"]
[SourceDate "2019.02.26"]
[SourceVersion "1"]
[SourceVersionDate "2019.02.26"]
[SourceQuality "1"]

1. c4 e5 2. Nc3 Bc5 3. e3 Nc6 4. Nf3 Qe7 5. Nd5 Qd6 6. a3 a5 7. d4 Ba7 8. b4 f6 9. e4 Bb8 10. c5 Qe6 11. Bc4 Qg4 12. Ne3 Qh5 13. d5 Nd4 14. Nxd4 Qxd1+ 15. Nxd1 exd4 16. Bb2 axb4 17. axb4 Rxa1 18. Bxa1 Ba7 19. Bxd4 d6 20. Bb5+ Kf7 21. Be3 dxc5 22. bxc5 Ne7 23. d6 cxd6 24. cxd6 Bxe3 25. dxe7 Bd4 26. e8Q+ Rxe8 27. Bxe8+ Kxe8 28. Ne3 b6 29. Kd2 g6 30. Rb1 Kd7 31. Nd5 1-0

[Event "Pan American Intercollegiate-chT"]
[Site "Burlingame"]
[Date "2018.12.28"]
[Round "2.3"]
[White "Cordova, Emilio"]
[Black "Nagarajan, Pranav"]
[Result "1-0"]
[WhiteElo "2595"]
[BlackElo "2206"]
[PlyCount "79"]
[EventDate "2018.12.27"]
[EventType "team-swiss"]
[EventRounds "6"]
[EventCountry "USA"]
[SourceTitle "CBM 188 Extra"]
[Source "ChessBase"]
[SourceDate "2019.02.26"]
[SourceVersion "1"]
[SourceVersionDate "2019.02.26"]
[SourceQuality "1"]
[WhiteTeam "Webster II"]
[BlackTeam "Berkeley California Univ"]
[WhiteTeamCountry "USA"]
[BlackTeamCountry "USA"]

1. Nf3 d5 2. d4 Nf6 3. c4 e6 4. g3 dxc4 5. Qa4+ c6 6. Qxc4 b5 7. Qc2 Bb7 8. Bg2 Be7 9. 0-0 0-0 10. Bg5 Nbd7 11. Nbd2 c5 12. dxc5 Nxc5 13. Bxf6 gxf6 14. Rad1 Rc8 15. Nb3 Qb6 16. e3 Nxb3 17. Qxb3 Bd5 18. Rxd5 exd5 19. Nh4 Rfd8 20. Bxd5 Bf8 21. Bxf7+ Kh8 22. Bd5 Rc7 23. e4 Bc5 24. Kg2 a5 25. Nf5 a4 26. Qd1 Ra7 27. Qg4 Bd4 28. b3 axb3 29. Bxb3 Rf8 30. Rd1 Bc5 31. Rd5 Rc7 32. Qe2 Re8 33. Qh5 Rf8 34. Nh4 Kg7 35. Qg4+ Kh8 36. Rh5 Bxf2 37. Ng6+ Kg7 38. Ne7+ Kh8 39. Rxh7+ Kxh7 40. Qg6+ 1-0

[Event "San Francisco TNM Fall op"]
[Site "San Francisco"]
[Date "2014.12.02"]
[Round "6"]
[White "Nagarajan, Pranav"]
[Black "Walder, Michael S"]
[Result "1-0"]
[WhiteElo "2172"]
[BlackElo "2130"]
[PlyCount "140"]
[EventDate "2014.10.21"]
[EventType "swiss"]
[EventRounds "8"]
[EventCountry "USA"]
[SourceTitle "EXT 2016"]
[Source "ChessBase"]
[SourceDate "2015.10.08"]
[SourceVersion "1"]
[SourceVersionDate "2015.10.08"]
[SourceQuality "1"]

1. d4 Nf6 2. c4 e6 3. Nc3 Bb4 4. e3 c5 5. Bd3 0-0 6. Nge2 cxd4 7. exd4 Nc6 8. a3 Be7 9. Bc2 d5 10. cxd5 Nxd5 11. 0-0 b6 12. Qd3 g6 13. Bh6 Re8 14. Rad1 Bb7 15. Qf3 Na5 16. Be4 Rc8 17. Nxd5 exd5 18. Bd3 Nc4 19. Rc1 Ba8 20. Rc2 Nd6 21. Rxc8 Qxc8 22. Rc1 Qd8 23. Qf4 Ne4 24. Qc7 Bd6 25. Qxd8 Rxd8 26. f3 Nf6 27. Bg5 Kg7 28. Bf4 Bb7 29. g4 Bxf4 30. Nxf4 g5 31. Ne2 Rc8 32. Rxc8 Bxc8 33. Ng3 Kf8 34. Kf2 Ke7 35. Ke3 Kd6 36. h3 h6 37. b3 a5 38. Bb5 Nh7 39. Be8 Ke7 40. Bc6 Kd6 41. Be8 Ke7 42. Bb5 Nf8 43. Bd3 Bd7 44. f4 gxf4+ 45. Kxf4 Ne6+ 46. Ke3 Ng7 47. Kf4 Kf6 48. h4 Ne6+ 49. Ke3 Ng7 50. Be2 Bc8 51. Bf3 Ke6 52. Ne2 Kd6 53. Nf4 Be6 54. Nd3 h5 55. gxh5 Nf5+ 56. Kf4 f6 57. Bg4 Nxd4 58. h6 Bg8 59. Ke3 Ne6 60. Bf5 Nf8 61. Nf4 Bh7 62. Bxh7 Nxh7 63. Kd4 f5 64. Nxd5 b5 65. b4 axb4 66. axb4 Ke6 67. Nc7+ Kf6 68. Nxb5 Kg6 69. Ke5 Nf8 70. Nd4 Nd7+ 1-0

[Event "San Francisco TNM Fall op"]
[Site "San Francisco"]
[Date "2014.11.18"]
[Round "4"]
[White "Poling, Scott"]
[Black "Nagarajan, Pranav"]
[Result "0-1"]
[WhiteElo "1728"]
[BlackElo "2172"]
[PlyCount "28"]
[EventDate "2014.10.21"]
[EventType "swiss"]
[EventRounds "8"]
[EventCountry "USA"]
[SourceTitle "EXT 2016"]
[Source "ChessBase"]
[SourceDate "2015.10.08"]
[SourceVersion "1"]
[SourceVersionDate "2015.10.08"]
[SourceQuality "1"]

1. e4 c5 2. c3 g6 3. d4 cxd4 4. cxd4 d5 5. exd5 Nf6 6. Nc3 Nxd5 7. Bc4 Nb6 8. Bb3 Bg7 9. Nf3 Nc6 10. Be3 0-0 11. d5 Na5 12. Bc2 Nac4 13. Rb1 Nxb2 14. Qd2 N6c4 0-1

[Event "San Francisco TNM Jay Whitehead op"]
[Site "San Francisco"]
[Date "2014.09.23"]
[Round "8"]
[White "Gaffagan, Steven"]
[Black "Nagarajan, Pranav"]
[Result "1/2-1/2"]
[WhiteElo "2129"]
[BlackElo "2157"]
[PlyCount "123"]
[EventDate "2014.08.05"]
[EventType "swiss"]
[EventRounds "9"]
[EventCountry "USA"]
[SourceTitle "EXT 2016"]
[Source "ChessBase"]
[SourceDate "2015.10.08"]
[SourceVersion "1"]
[SourceVersionDate "2015.10.08"]
[SourceQuality "1"]

1. d4 Nf6 2. c4 e6 3. g3 Bb4+ 4. Bd2 Qe7 5. Bg2 Nc6 6. Nf3 Bxd2+ 7. Nbxd2 0-0 8. 0-0 d6 9. a3 e5 10. d5 Nb8 11. e4 a5 12. b4 Na6 13. Qe2 Bd7 14. Rab1 c6 15. dxc6 bxc6 16. c5 axb4 17. cxd6 Qxd6 18. Nc4 Qe7 19. axb4 Nxb4 20. Nfxe5 Be6 21. Rfc1 Rfe8 22. Ra1 h6 23. h3 Kf8 24. Ne3 Rxa1 25. Rxa1 Bxh3 26. Nxc6 Nxc6 27. Bxh3 Qxe4 28. Bg2 Qe5 29. Rb1 Nd4 30. Qd3 Ne6 31. Nc4 Qd4 32. Rd1 Qxd3 33. Rxd3 Rc8 34. Ne3 Rd8 35. Rxd8+ Nxd8 36. Kf1 g6 37. Ke2 Ke7 38. Nd5+ Nxd5 39. Bxd5 Ne6 40. Ba8 Kd6 41. Bg2 Ke5 42. Ke3 g5 43. Kd3 f5 44. Ba8 h5 45. Kd2 h4 46. gxh4 gxh4 47. Ke3 f4+ 48. Kf3 Kf5 49. Kg2 Ng5 50. Bb7 Ke5 51. Kf1 f3 52. Kg1 Kd4 53. Ba6 Kc3 54. Bf1 Kd2 55. Bb5 Ke1 56. Bc6 Ke2 57. Bb5+ Kd1 58. Bc6 Ke1 59. Bb7 h3 60. Bc6 h2+ 61. Kxh2 Kxf2 62. Bxf3 1/2-1/2

[Event "San Francisco TNM Jay Whitehead op"]
[Site "San Francisco"]
[Date "2014.09.02"]
[Round "5"]
[White "Nagarajan, Pranav"]
[Black "Tsodikova, Natalia"]
[Result "1/2-1/2"]
[WhiteElo "2157"]
[BlackElo "2162"]
[PlyCount "72"]
[EventDate "2014.08.05"]
[EventType "swiss"]
[EventRounds "9"]
[EventCountry "USA"]
[SourceTitle "EXT 2016"]
[Source "ChessBase"]
[SourceDate "2015.10.08"]
[SourceVersion "1"]
[SourceVersionDate "2015.10.08"]
[SourceQuality "1"]

1. d4 Nf6 2. c4 g6 3. Nc3 Bg7 4. e4 d6 5. Nge2 0-0 6. Ng3 e5 7. d5 a5 8. Be2 Na6 9. h4 h5 10. Bg5 Qe8 11. Qd2 Nc5 12. Bh6 Nh7 13. 0-0-0 Bd7 14. Rdg1 Qe7 15. Bxg7 Kxg7 16. Nf1 Qf6 17. f3 Qf4 18. Ne3 f5 19. g3 Qh6 20. g4 hxg4 21. fxg4 fxg4 22. Bxg4 Bxg4 23. Rxg4 Kh8 24. Rhg1 Rg8 25. Nf1 Qxd2+ 26. Nxd2 Nd3+ 27. Kc2 Nf4 28. Kd1 Nf6 29. R4g3 Rg7 30. Ne2 N6h5 31. Nxf4 Nxf4 32. h5 Nxh5 33. Rxg6 Rxg6 34. Rxg6 Nf4 35. Rg3 Rg8 36. Nf1 Rxg3 1/2-1/2

[Event "San Francisco TNM Winter op"]
[Site "San Francisco"]
[Date "2013.01.29"]
[Round "4"]
[White "Afkham Ebrahimi, Payam"]
[Black "Nagarajan, Pranav"]
[Result "0-1"]
[WhiteElo "1872"]
[BlackElo "2036"]
[PlyCount "110"]
[EventDate "2013.01.08"]
[EventType "swiss"]
[EventRounds "8"]
[EventCountry "USA"]
[SourceTitle "EXT 2016"]
[Source "ChessBase"]
[SourceDate "2015.10.08"]
[SourceVersion "1"]
[SourceVersionDate "2015.10.08"]
[SourceQuality "1"]

1. f4 c5 2. Nf3 g6 3. g3 Bg7 4. Bg2 Nc6 5. d3 d6 6. 0-0 e6 7. e4 Nge7 8. Nbd2 0-0 9. c3 d5 10. e5 Nf5 11. Nb3 c4 12. Nc5 b6 13. Na4 Ba6 14. d4 h5 15. Ng5 Qd7 16. g4 hxg4 17. Qxg4 Bh6 18. Rf3 Kg7 19. Rh3 Ncxd4 20. Nxb6 axb6 21. cxd4 Rh8 22. Nf3 Qe7 23. Bd2 Rh7 24. Rc1 Rah8 25. a3 Kg8 26. Bb4 Qd8 27. Rc3 Bf8 28. Bxf8 Qxf8 29. Rxh7 Rxh7 30. Bf1 Qh6 31. Be2 Nxd4 32. Nxd4 Qxh2+ 33. Kf1 Rh4 34. Qg5 Rxf4+ 35. Rf3 Qh1+ 36. Kf2 Qh2+ 37. Kf1 Qh1+ 38. Kf2 Qh4+ 39. Qxh4 Rxh4 40. Nc6 d4 41. Kg3 Re4 42. Bf1 d3 43. Rf2 g5 44. Bg2 Re3+ 45. Bf3 Bb7 46. Nd4 Bd5 47. Nb5 Bxf3 48. Rxf3 d2 49. Rxe3 d1Q 50. Nc3 Qc1 51. Re2 Qf4+ 52. Kg2 g4 53. Kg1 Qf3 54. Kh2 g3+ 55. Kg1 b5 0-1

[Event "San Francisco TNM Fall op"]
[Site "San Francisco"]
[Date "2012.12.11"]
[Round "9"]
[White "Nagarajan, Pranav"]
[Black "Winslow, Elliott C"]
[Result "0-1"]
[WhiteElo "1997"]
[BlackElo "2293"]
[PlyCount "98"]
[EventDate "2012.10.16"]
[EventType "swiss"]
[EventRounds "9"]
[EventCountry "USA"]
[SourceTitle "EXT 2014"]
[Source "ChessBase"]
[SourceDate "2013.11.20"]
[SourceVersion "1"]
[SourceVersionDate "2013.11.20"]
[SourceQuality "1"]

1. c4 Nf6 2. Nc3 c5 3. g3 d5 4. cxd5 Nxd5 5. Bg2 Nc7 6. Nf3 Nc6 7. d3 e5 8. Nd2 Bd7 9. a4 Be7 10. 0-0 0-0 11. Nc4 f6 12. b3 Rc8 13. f4 exf4 14. Bxf4 Bg4 15. Qd2 Ne6 16. Nd5 Nxf4 17. Rxf4 Be6 18. Nxe7+ Qxe7 19. Re1 Qd7 20. Qc3 Rfd8 21. Rd1 Nd4 22. Rd2 b6 23. e3 Nc6 24. d4 cxd4 25. exd4 Bxc4 26. Qxc4+ Kh8 27. Qb5 Qd6 28. Qf5 g6 29. Qb1 Kg7 30. Qd1 Qa3 31. Qf3 Qd6 32. Qd1 Nb4 33. Rdf2 Rf8 34. Re2 Rf7 35. Rfe4 Nd5 36. Re6 Qa3 37. Bxd5 Rc1 38. Qxc1 Qxc1+ 39. Kg2 Rd7 40. Re7+ Rxe7 41. Rxe7+ Kh6 42. h4 Qc2+ 43. Kg1 Qd3 44. Bg8 Qxg3+ 45. Kf1 Kh5 46. Rxh7+ Kg4 47. Bd5 Qd3+ 48. Kg2 Qe2+ 49. Kg1 Kg3 0-1

[Event "San Francisco TNM Fall op"]
[Site "San Francisco"]
[Date "2012.11.27"]
[Round "7"]
[White "Hakobyan, Sos"]
[Black "Nagarajan, Pranav"]
[Result "0-1"]
[WhiteElo "1880"]
[BlackElo "1997"]
[PlyCount "126"]
[EventDate "2012.10.16"]
[EventType "swiss"]
[EventRounds "9"]
[EventCountry "USA"]
[SourceTitle "EXT 2014"]
[Source "ChessBase"]
[SourceDate "2013.11.20"]
[SourceVersion "1"]
[SourceVersionDate "2013.11.20"]
[SourceQuality "1"]

1. e4 c5 2. Nf3 Nc6 3. Nc3 g6 4. Bc4 Bg7 5. 0-0 Nf6 6. Re1 d6 7. h3 0-0 8. d3 h6 9. Rb1 e5 10. Nd5 Nxd5 11. Bxd5 Ne7 12. c4 Nxd5 13. cxd5 f5 14. b4 b6 15. Bd2 f4 16. Qa4 Bd7 17. Qc2 g5 18. Nh2 Qc8 19. Qd1 Qa6 20. Qb3 Bb5 21. a4 Qxa4 22. Qxa4 Bxa4 23. Ra1 Bb5 24. bxc5 bxc5 25. Ra3 a6 26. Ba5 Rfc8 27. Rb1 Kf7 28. Nf3 Bf6 29. Nd2 Rab8 30. Nc4 Bxc4 31. Rxb8 Rxb8 32. dxc4 Rb1+ 33. Kh2 Rc1 34. Ra4 Ke8 35. Bc7 Kd7 36. Ba5 Rc2 37. f3 Rc1 38. Bd2 Rd1 39. Ba5 g4 40. hxg4 Bh4 41. g3 fxg3+ 42. Kg2 Rc1 43. Ra2 Rxc4 44. Kh3 Bg5 45. Kxg3 Rc1 46. Kf2 Rh1 47. Ra3 Rh2+ 48. Ke1 Rb2 49. Bc3 Rb6 50. Ke2 Kc8 51. Kd3 Kb7 52. Kc4 Rb1 53. Bxe5 dxe5 54. Kxc5 Be7+ 55. d6 Rb5+ 56. Kc4 Bxd6 57. Ra2 Be7 58. Rh2 Bg5 59. Ra2 Kb6 60. Ra3 a5 61. Rd3 Rc5+ 62. Kb3 Kb5 63. Rd7 a4+ 0-1

[Event "San Francisco TNM Fall op"]
[Site "San Francisco"]
[Date "2012.11.20"]
[Round "6"]
[White "Nagarajan, Pranav"]
[Black "Murilo, Filho"]
[Result "1-0"]
[WhiteElo "1997"]
[BlackElo "1832"]
[PlyCount "87"]
[EventDate "2012.10.16"]
[EventType "swiss"]
[EventRounds "9"]
[EventCountry "USA"]
[SourceTitle "EXT 2014"]
[Source "ChessBase"]
[SourceDate "2013.11.20"]
[SourceVersion "1"]
[SourceVersionDate "2013.11.20"]
[SourceQuality "1"]

1. d4 d5 2. c4 c6 3. Nc3 e6 4. cxd5 exd5 5. Qc2 Nf6 6. Bg5 Be7 7. e3 0-0 8. Bd3 h6 9. Bh4 Be6 10. Nge2 Nbd7 11. 0-0 Nb6 12. f3 Nc4 13. Bf2 b5 14. Nf4 Bd7 15. e4 b4 16. Nd1 Nb6 17. e5 Ne8 18. Ne3 Bg5 19. Ne2 Rc8 20. f4 Bh4 21. g3 Be7 22. Nf5 Bxf5 23. Bxf5 Rc7 24. Rac1 a5 25. b3 Qa8 26. Be3 a4 27. Bh3 a3 28. f5 f6 29. Nf4 Rc8 30. Ng6 Rf7 31. e6 Nd6 32. exf7+ Kxf7 33. Nxe7 Kxe7 34. Qc5 Nd7 35. Qxb4 Rb8 36. Qe1 Ne4 37. Bg2 Kf7 38. Bf4 Re8 39. Qd1 Kg8 40. Qc2 Qa5 41. Qxc6 Rd8 42. Bc7 Qd2 43. Qxd5+ Kh7 44. Qxe4 1-0

[Event "San Francisco TNM Marathon op"]
[Site "San Francisco"]
[Date "2012.08.28"]
[Round "5"]
[White "Nagarajan, Pranav"]
[Black "Gaffagan, Steven"]
[Result "0-1"]
[WhiteElo "1954"]
[BlackElo "2062"]
[PlyCount "92"]
[EventDate "2012.07.31"]
[EventType "swiss"]
[EventRounds "9"]
[EventCountry "USA"]
[SourceTitle "EXT 2014"]
[Source "ChessBase"]
[SourceDate "2013.11.20"]
[SourceVersion "1"]
[SourceVersionDate "2013.11.20"]
[SourceQuality "1"]

1. d4 Nf6 2. c4 g6 3. Nc3 Bg7 4. e4 d6 5. Nge2 0-0 6. Ng3 c5 7. d5 e6 8. Bd3 h5 9. Bg5 Qb6 10. Qc2 Na6 11. a3 Nh7 12. Be3 h4 13. Nge2 Qd8 14. 0-0 e5 15. f4 exf4 16. Nxf4 Be5 17. Be2 h3 18. g3 Qe7 19. Rae1 Ng5 20. Bf2 Nc7 21. Bd1 Bd7 22. Nd3 Bg7 23. e5 Bf5 24. exd6 Qxd6 25. Bxc5 Qxc5+ 26. Nxc5 Bxc2 27. Bxc2 Bd4+ 28. Kh1 Bxc5 29. b4 Bd4 30. Ne2 Bb2 31. a4 Ba3 32. Rb1 Rfe8 33. Nf4 Re3 34. d6 Nce6 35. Nd5 Re2 36. Bd3 Rd2 37. Rbd1 Rxd1 38. Rxd1 a5 39. Nc7 Nxc7 40. dxc7 Rc8 41. Bxg6 Rxc7 42. Bd3 Bxb4 43. Kg1 Re7 44. Bc2 Re2 45. Bd3 Rg2+ 46. Kf1 Nf3 0-1

[Event "San Francisco TNM Marathon op"]
[Site "San Francisco"]
[Date "2012.08.21"]
[Round "4"]
[White "Wong, Russell"]
[Black "Nagarajan, Pranav"]
[Result "1-0"]
[WhiteElo "2221"]
[BlackElo "1954"]
[PlyCount "113"]
[EventDate "2012.07.31"]
[EventType "swiss"]
[EventRounds "9"]
[EventCountry "USA"]
[SourceTitle "EXT 2014"]
[Source "ChessBase"]
[SourceDate "2013.11.20"]
[SourceVersion "1"]
[SourceVersionDate "2013.11.20"]
[SourceQuality "1"]

1. d4 Nf6 2. c4 e6 3. Bg5 Bb4+ 4. Nd2 h6 5. Bh4 Ne4 6. Bxd8 Bxd2+ 7. Qxd2 Nxd2 8. Bxc7 Nxc4 9. b3 Na6 10. Bg3 Na5 11. Bd6 b6 12. e3 Nb7 13. Ba3 Nd8 14. Nf3 f6 15. Bd3 Kf7 16. h4 g6 17. Kd2 Nc6 18. Rhc1 Bb7 19. Bd6 Rac8 20. Rc3 Nab4 21. Be4 Nd5 22. Bxd5 exd5 23. Rac1 Ke6 24. Ba3 Na5 25. Bb4 Nc6 26. Ba3 Na5 27. h5 g5 28. Rxc8 Rxc8 29. Rxc8 Bxc8 30. Bf8 Kf7 31. Bxh6 Nc6 32. Nxg5+ fxg5 33. Bxg5 d6 34. f3 Ne7 35. Bf4 Nf5 36. g4 Ng7 37. Bxd6 Ne8 38. Be5 Nf6 39. Bb8 a6 40. Bc7 b5 41. Kc3 Nxg4 42. fxg4 Bxg4 43. h6 Kg6 44. Bf4 Bf5 45. Kb4 Bb1 46. a3 Bc2 47. Ka5 Bxb3 48. Kxa6 Bc4 49. Kb6 Bd3 50. Kc5 Bc4 51. e4 Kf7 52. exd5 Bd3 53. d6 Ke8 54. Kc6 Be4+ 55. Kc7 Bf5 56. h7 Bxh7 57. d7+ 1-0

[Event "San Francisco TNM Marathon op"]
[Site "San Francisco"]
[Date "2012.08.07"]
[Round "2"]
[White "Harmon, Frederick G"]
[Black "Nagarajan, Pranav"]
[Result "0-1"]
[WhiteElo "1819"]
[BlackElo "1954"]
[PlyCount "116"]
[EventDate "2012.07.31"]
[EventType "swiss"]
[EventRounds "9"]
[EventCountry "USA"]
[SourceTitle "EXT 2014"]
[Source "ChessBase"]
[SourceDate "2013.11.20"]
[SourceVersion "1"]
[SourceVersionDate "2013.11.20"]
[SourceQuality "1"]

1. e4 c5 2. Nc3 Nc6 3. d3 g6 4. Nf3 Bg7 5. Bd2 d6 6. Be2 e6 7. 0-0 Nge7 8. Re1 0-0 9. Qc1 Nd4 10. Bd1 Nec6 11. Bh6 Nxf3+ 12. Bxf3 Nd4 13. Bd1 e5 14. Bxg7 Kxg7 15. Nd5 f5 16. c3 Nc6 17. f3 f4 18. c4 Be6 19. Nc3 Qh4 20. Qd2 g5 21. Qf2 Qh5 22. a3 Rf6 23. Rb1 Rh6 24. g4 fxg3 25. Qxg3 Qg6 26. Nd5 Rf8 27. Rf1 Rh3 28. Qg2 Rh4 29. Ne3 Bh3 30. Qg3 Bxf1 31. Nxf1 Rhf4 32. Nd2 a5 33. h3 h6 34. Kg2 Rh4 35. b4 axb4 36. axb4 Nxb4 37. Be2 Rf7 38. Nf1 Nc2 39. Rb2 Nd4 40. Bd1 Ne6 41. Ne3 Nf4+ 42. Kh2 Rxh3+ 43. Qxh3 Nxh3 44. Kxh3 Qe6+ 45. Kg3 h5 46. Rh2 h4+ 47. Kf2 Qc8 48. Be2 Qd7 49. Kg2 Qa4 50. Rh1 Qa2 51. Kf2 Qb2 52. Ng4 b6 53. Rf1 Ra7 54. Re1 Ra1 55. Rxa1 Qxa1 56. Kg2 Qb2 57. Kf2 Kg6 58. Kf1 Qd2 0-1

[Event "San Francisco TNM Summer op"]
[Site "San Francisco"]
[Date "2012.07.10"]
[Round "8"]
[White "Klinetobe, David"]
[Black "Nagarajan, Pranav"]
[Result "1/2-1/2"]
[WhiteElo "2053"]
[BlackElo "1862"]
[PlyCount "89"]
[EventDate "2012.05.22"]
[EventType "swiss"]
[EventRounds "8"]
[EventCountry "USA"]
[SourceTitle "EXT 2014"]
[Source "ChessBase"]
[SourceDate "2013.11.20"]
[SourceVersion "1"]
[SourceVersionDate "2013.11.20"]
[SourceQuality "1"]

1. e4 c5 2. Nf3 Nc6 3. d4 cxd4 4. Nxd4 g6 5. c4 Nf6 6. Nc3 d6 7. Nc2 Bg7 8. Be2 Nd7 9. Bd2 0-0 10. 0-0 a5 11. f3 Nc5 12. Kh1 b6 13. b3 Ra7 14. Rb1 f5 15. Nb5 Ra8 16. exf5 Bxf5 17. a3 e6 18. Bc3 Bxc3 19. Nxc3 Bxc2 20. Qxc2 Nd4 21. Qd1 Nxe2 22. Qxe2 Qf6 23. Ne4 Qe5 24. Rfe1 Rfe8 25. Qd2 Nxe4 26. Rxe4 Qc5 27. b4 axb4 28. axb4 Qc6 29. Rd1 d5 30. cxd5 exd5 31. Rd4 Rad8 32. Kg1 Re5 33. f4 Rf5 34. g4 Rf7 35. f5 Rdf8 36. Rxd5 gxf5 37. Rxf5 Rxf5 38. gxf5 Rxf5 39. Qd8+ Rf8 40. Qg5+ Kh8 41. Rd8 Rxd8 42. Qxd8+ Kg7 43. Qe7+ Kg8 44. h4 Qc1+ 45. Kg2 1/2-1/2

[Event "San Francisco TNM Summer op"]
[Site "San Francisco"]
[Date "2012.06.26"]
[Round "6"]
[White "Nagarajan, Pranav"]
[Black "Todortsev, Victor"]
[Result "1-0"]
[WhiteElo "1862"]
[BlackElo "1969"]
[PlyCount "67"]
[EventDate "2012.05.22"]
[EventType "swiss"]
[EventRounds "8"]
[EventCountry "USA"]
[SourceTitle "EXT 2014"]
[Source "ChessBase"]
[SourceDate "2013.11.20"]
[SourceVersion "1"]
[SourceVersionDate "2013.11.20"]
[SourceQuality "1"]

1. d4 e6 2. c4 d5 3. Nc3 Nf6 4. cxd5 exd5 5. Bg5 c6 6. e3 Be7 7. Bd3 0-0 8. Qc2 h6 9. Bh4 Be6 10. Nge2 Nbd7 11. Nf4 c5 12. Nxe6 fxe6 13. 0-0 Rc8 14. Qe2 Qe8 15. f4 Bd6 16. Rae1 a6 17. g4 Kh8 18. Bb1 Rg8 19. g5 Nh7 20. Qd3 Nhf8 21. Qe2 b5 22. Qg4 h5 23. Qh3 g6 24. Bg3 Rg7 25. Rc1 Nb6 26. f5 Bxg3 27. f6 Rf7 28. Qxg3 Qd7 29. Ne2 Nc4 30. Nf4 Rh7 31. Nxg6+ Nxg6 32. Bxg6 h4 33. Qh3 e5 34. Bf5 1-0

[Event "San Francisco TNM Summer op"]
[Site "San Francisco"]
[Date "2012.06.12"]
[Round "4"]
[White "Nagarajan, Pranav"]
[Black "Newey, Richard H"]
[Result "1-0"]
[WhiteElo "1862"]
[BlackElo "1641"]
[PlyCount "69"]
[EventDate "2012.05.22"]
[EventType "swiss"]
[EventRounds "8"]
[EventCountry "USA"]
[SourceTitle "EXT 2014"]
[Source "ChessBase"]
[SourceDate "2013.11.20"]
[SourceVersion "1"]
[SourceVersionDate "2013.11.20"]
[SourceQuality "1"]

1. d4 Nf6 2. c4 g6 3. Nc3 d5 4. Nf3 Bg7 5. Bg5 c6 6. e3 Qa5 7. Bxf6 Bxf6 8. Bd3 dxc4 9. Bxc4 b5 10. Bd3 b4 11. Ne4 b3+ 12. Qd2 Qxd2+ 13. Nfxd2 bxa2 14. Nxf6+ exf6 15. Rxa2 Be6 16. Ra5 Ke7 17. 0-0 Nd7 18. Be4 Bd5 19. Bxd5 cxd5 20. Rxd5 Rab8 21. Ra1 Rxb2 22. Rxa7 Rd8 23. Nf1 Ke6 24. Rda5 Rc8 25. R5a6+ Ke7 26. Ra2 Rb1 27. Ra1 Rb2 28. R7a2 Rxa2 29. Rxa2 Rc1 30. g4 g5 31. Kg2 Nf8 32. Ng3 Ng6 33. Nf5+ Ke6 34. Ra6+ Kd5 35. Rxf6 1-0

[Event "San Francisco TNM Spring op"]
[Site "San Francisco"]
[Date "2012.04.24"]
[Round "7"]
[White "Watson, Farid"]
[Black "Nagarajan, Pranav"]
[Result "0-1"]
[WhiteElo "2025"]
[BlackElo "1819"]
[PlyCount "110"]
[EventDate "2012.03.13"]
[EventType "swiss"]
[EventRounds "8"]
[EventCountry "USA"]
[SourceTitle "EXT 2014"]
[Source "ChessBase"]
[SourceDate "2013.11.20"]
[SourceVersion "1"]
[SourceVersionDate "2013.11.20"]
[SourceQuality "1"]

1. e4 c5 2. Nf3 Nc6 3. d4 cxd4 4. Nxd4 g6 5. Nc3 Bg7 6. Be3 Nf6 7. Bc4 Qa5 8. 0-0 0-0 9. Bb3 d6 10. h3 Bd7 11. Qe1 Nxd4 12. Bxd4 Bc6 13. Nd5 Qd8 14. Nxf6+ exf6 15. Bd5 Re8 16. Qd2 Bxd5 17. exd5 f5 18. Bxg7 Kxg7 19. Qd4+ Qf6 20. Qxf6+ Kxf6 21. Rfe1 Rac8 22. Rxe8 Rxe8 23. Kf1 Rc8 24. c3 Rc5 25. Rd1 h6 26. f4 b5 27. Ke2 b4 28. cxb4 Rc4 29. g3 Rxb4 30. b3 a5 31. Ke3 Re4+ 32. Kd3 a4 33. Rc1 axb3 34. axb3 Rb4 35. Rb1 g5 36. Kc3 Re4 37. fxg5+ hxg5 38. b4 Re3+ 39. Kd4 Rxg3 40. b5 Rxh3 41. b6 Rh8 42. b7 Rb8 43. Rb6 Ke7 44. Kc4 f4 45. Kb5 f3 46. Kc6 f2 47. Rb1 g4 48. Kc7 Rg8 49. Ra1 Rd8 50. Ra4 Rd7+ 51. Kc6 Rxb7 52. Re4+ Kf8 53. Rf4 g3 54. Kxb7 g2 55. Rxf2 g1Q 0-1

[Event "San Francisco TNM Spring op"]
[Site "San Francisco"]
[Date "2012.04.17"]
[Round "6"]
[White "Margulis, Igor"]
[Black "Nagarajan, Pranav"]
[Result "1/2-1/2"]
[WhiteElo "2100"]
[BlackElo "1819"]
[PlyCount "70"]
[EventDate "2012.03.13"]
[EventType "swiss"]
[EventRounds "8"]
[EventCountry "USA"]
[SourceTitle "EXT 2014"]
[Source "ChessBase"]
[SourceDate "2013.11.20"]
[SourceVersion "1"]
[SourceVersionDate "2013.11.20"]
[SourceQuality "1"]

1. e4 c5 2. Nf3 Nc6 3. Nc3 g6 4. d4 cxd4 5. Nxd4 Bg7 6. Be3 Nf6 7. Nxc6 bxc6 8. e5 Ng8 9. f4 f6 10. exf6 Nxf6 11. Be2 Qa5 12. 0-0 Rb8 13. Rb1 Nd5 14. Nxd5 Qxd5 15. Qxd5 cxd5 16. Bxa7 Ra8 17. Bc5 Rxa2 18. Ba3 d6 19. Bf3 Be6 20. Rfd1 Rf8 21. g3 g5 22. Bxd5 Bxd5 23. Rxd5 gxf4 24. gxf4 Rxf4 25. Rd3 Rc4 26. Re1 Kd7 27. Rb3 Rxc2 28. Rb7+ Kc6 29. Rbxe7 Bxb2 30. Bxb2 Raxb2 31. Rxh7 Rg2+ 32. Kh1 Rge2 33. Rc1+ Rbc2 34. Rd1 Red2 35. Ra1 Ra2 1/2-1/2

[Event "San Francisco TNM Spring op"]
[Site "San Francisco"]
[Date "2012.03.20"]
[Round "8"]
[White "Nagarajan, Pranav"]
[Black "Rumph, Todd"]
[Result "0-1"]
[WhiteElo "1819"]
[BlackElo "2183"]
[PlyCount "90"]
[EventDate "2012.03.13"]
[EventType "swiss"]
[EventRounds "8"]
[EventCountry "USA"]
[SourceTitle "EXT 2014"]
[Source "ChessBase"]
[SourceDate "2013.11.20"]
[SourceVersion "1"]
[SourceVersionDate "2013.11.20"]
[SourceQuality "1"]

1. d4 Nf6 2. c4 e6 3. Nf3 d5 4. Nc3 c6 5. e3 Nbd7 6. Qc2 Bd6 7. g4 h6 8. Bd2 c5 9. h3 a6 10. 0-0-0 dxc4 11. dxc5 Nxc5 12. e4 Qc7 13. e5 Bxe5 14. Nxe5 Qxe5 15. f4 Qd4 16. f5 Nd3+ 17. Bxd3 cxd3 18. Qa4+ Qxa4 19. Nxa4 b5 20. Nb6 Rb8 21. Nxc8 Rxc8+ 22. Kb1 0-0 23. fxe6 fxe6 24. Bb4 Rfd8 25. Rhf1 e5 26. Be7 Rd7 27. Bxf6 gxf6 28. Rxf6 Re8 29. Rf3 e4 30. Re3 Kg7 31. a3 Kf6 32. Rde1 Rd4 33. Rf1+ Ke6 34. Ka2 Rc4 35. Rd1 Kd5 36. Rdxd3+ exd3 37. Rxe8 Kd4 38. Rd8+ Ke3 39. b3 Rd4 40. Re8+ Kf2 41. Rf8+ Kg1 42. Kb2 d2 43. Rc8 d1Q 44. Rc1 Rd2+ 45. Kb1 Qxc1+ 0-1